Nociones de química : (Record no. 9182)

000 -CABECERA
fixed length control field 00781nam a22002057a 4500
003 - IDENTIFICADOR DEL NÚMERO DE CONTROL
control field AR-CdUCM
008 - DATOS DE LONGITUD FIJA--INFORMACIÓN GENERAL
fixed length control field 190327b ||||| |||| 00| 0 spa d
040 ## - FUENTE DE LA CATALOGACIÓN
Agencia/entidad que catalogó originalmente la obra MUNICIPALIDAD PROVINCIAL DEL CUSCO
Entidad que transcribió la catalogación BIBLIOTECA MUNICIPAL DEL CUSCO
082 ## - NÚMERO DE LA CLASIFICACIÓN DECIMAL DEWEY
No. de Clasificación 540 /
Notacion interna P88
100 ## - ENTRADA PRINCIPAL--NOMBRE DE PERSONA
Nombre Personal Powell, Virginia P.
245 ## - MENCIÓN DE TÍTULO
Título Nociones de química :
Resto del título Serie programada /
260 ## - PUBLICACIÓN, DISTRIBUCIÓN, ETC.
Lugar de publicación, distribución, etc. México :
Nombre de la editorial, distribuidor, etc. Limusa,
Fecha de publicación, distribución, etc. 1970.
300 ## - DESCRIPCIÓN FÍSICA
Nº de Páginas Extensión 5 volúmenes ;
Dimensiones 24 cm.
505 ## - NOTA DE CONTENIDO CON FORMATO
Nota de contenido formateada Contenido : V.1:Simbolos químicos --V.2:Formulas químicas y nombres de compuestos --V.3 :Calculos de pesos moleculares --V.4:Relaciones de pero y volumen --V.5:Balanceo de ecuaciones químicas /
650 ## - PUNTO DE ACCESO ADICIONAL DE MATERIA--TÉRMINO DE MATERIA
Descriptor Química
9 (RLIN) 4512
650 ## - PUNTO DE ACCESO ADICIONAL DE MATERIA--TÉRMINO DE MATERIA
Descriptor Problemas
9 (RLIN) 9246
650 ## - PUNTO DE ACCESO ADICIONAL DE MATERIA--TÉRMINO DE MATERIA
Descriptor Enseñanza
9 (RLIN) 1616
942 ## - ELEMENTOS DE PUNTO DE ACCESO ADICIONAL (KOHA)
Fuente de clasificación
Tipo de item Libros-BMC
945 ## - PROCESAMIENTO DE INFORMACIÓN LOCAL (OCLC)
Catalogador rjall
Holdings
Estado de retiro (separado) Fuente de clasificación o esquema de estanterías Estado dañado Ubicación Sala donde se ubica Nombre de la colección Fecha de adquisición o compra Costo, precio normal en soles Signatura topográfica Código de Barras Última vez visto (Koha) Tipo de ítem (Koha)
No     Sala Ciencias Sala Ciencias Book Cart 2019-03-27 35.00 540 / P88 / V.1 / V.2 / V.3 / V.4 / V.5 SC0000001243 2019-03-27 Libros-BMC

Powered by Koha